Central Library OPAC University of Rajshahi

The essentials of Indian philosophy / (Record no. 17376)

MARC details
000 -LEADER
fixed length control field 00893cam a22002897a 4500
001 - CONTROL NUMBER
control field 17376
003 - CONTROL NUMBER IDENTIFIER
rucl marc code BD-RjUL
005 - DATE AND TIME OF LATEST TRANSACTION
control field 20211209000129.0
008 - FIXED-LENGTH DATA ELEMENTS--GENERAL INFORMATION
fixed length control field 140216r19561949ii a 001 0 eng d
035 ## - SYSTEM CONTROL NUMBER
System control number (BD-RjUL)17434
040 ## - CATALOGING SOURCE
Original cataloging agency DLC
Transcribing agency DLC
Modifying agency DLC
-- BD-RjUL
Language of cataloging eng
041 ## - LANGUAGE CODE
Language code of text/sound track or separate title eng
082 00 - DEWEY DECIMAL CLASSIFICATION NUMBER
Classification number 187.4
Author mark and year HIE 1956
100 1# - MAIN ENTRY--PERSONAL NAME
Personal name Hiriyanna, Mysore,
Dates associated with a name 1871-1950.
9 (RLIN) 53543
245 14 - TITLE STATEMENT
Title The essentials of Indian philosophy /
Statement of responsibility, etc. by M. Hiriyanna.
246 30 - VARYING FORM OF TITLE
Title proper/short title Indian philosophy
260 ## - PUBLICATION, DISTRIBUTION, ETC. (IMPRINT)
Place of publication, distribution, etc. London :
Name of publisher, distributor, etc. George Allen & Unwin Ltd.,
Date of publication, distribution, etc. 1949. [Impression 1956]
300 ## - PHYSICAL DESCRIPTION
Pagination 216 p. ;
Size 21 cm.
500 ## - GENERAL NOTE
General note Master microform held by: ICRL.
504 ## - BIBLIOGRAPHY, ETC. NOTE
Bibliography, etc Includes index.
650 #0 - SUBJECT ADDED ENTRY--TOPICAL TERM
Topical term or geographic name as entry element Hindu philosophy.
9 (RLIN) 5119
830 #0 - SERIES ADDED ENTRY--UNIFORM TITLE
Volume number/sequential designation item 07219.
Uniform title SAMP early 20th-century Indian books project ;
942 ## - ADDED ENTRY ELEMENTS (KOHA)
Source of classification or shelving scheme Dewey Decimal Classification
Koha item type Books
Holdings
Lost status Source of classification or shelving scheme Damaged status Not for loan Collection code Permanent Location Current Location Shelving location Date acquired Source of acquisition Cost, normal purchase price Total Checkouts Full call number Date last seen Copy number Koha item type
  Dewey Decimal Classification     Non-fiction Central Library, University of Rajshahi Central Library, University of Rajshahi   07/03/1963 Zeithlinger. 18.00   187.4 HIE 1956 16/02/2014 C-3 Books
  Dewey Decimal Classification     Non-fiction Central Library, University of Rajshahi Central Library, University of Rajshahi   07/03/1963 Zeitlinger 18.00   187.4 HIE 1956 10/04/2014 C-2 Books
  Dewey Decimal Classification     Non-fiction Central Library, University of Rajshahi Central Library, University of Rajshahi   11/09/1990 Shukat osman 54.00   187.4 HIE 1967 15/04/2014 C-4 Books
  Dewey Decimal Classification   Not For Loan Non-fiction Central Library, University of Rajshahi Central Library, University of Rajshahi   05/04/1956 Allies Books Corporation, 10.20   187.4 HIE 1951 29/11/2016 C-1 Books